000
00328nam a22001457a 4500
020
_a
81-226-0464-1
082
_a
894.812.3
_b
DAS/B
100
_a
DAS, P.N
245
_a
BUDHAN KATHIYERIYUNNU
250
_a
2
260
_a
THRISSUR
_b
CURRENT BOOKS
_c
2005
300
_a
144
650
_a
MALAYALAM SHORT STORY
_z
KERALA
942
_c
BK
999
_c
1563
_d
1563